000 00357 a2200157 4500
001 64487
020 _a9788551814024
040 _cAnchieta - Pituba
100 _aLordello, João Pedro de Castro Lima
240 1 0 _aPoemas de janeiro
_lpor
245 1 0 _aPoemas de janeiro
300 _a106
362 0 _a2018
650 4 _aPoesia brasileira
942 _cBK
999 _c64487
_d64487